MUSEUMS OF INDIA (क.क्र. 4/4) (Record no. 378109)

MARC details
000 -LEADER
fixed length control field 00406nam a2200145Ia 4500
008 - FIXED-LENGTH DATA ELEMENTS--GENERAL INFORMATION
fixed length control field 100122s9999 xx 000 0 und d
082 ## - DEWEY DECIMAL CLASSIFICATION NUMBER
Item number 60845
Classification number 708
100 ## - MAIN ENTRY--PERSONAL NAME
Personal name PUNJA SHOBITA
245 ## - TITLE STATEMENT
Title MUSEUMS OF INDIA (क.क्र. 4/4)
260 ## - PUBLICATION, DISTRIBUTION, ETC. (IMPRINT)
Name of publisher, distributor, etc PENGUIN BOOKS
Date of publication, distribution, etc 1998
300 ## - PHYSICAL DESCRIPTION
Extent 307
630 ## - SUBJECT ADDED ENTRY--UNIFORM TITLE
Uniform title MUSEUMS OF INDIA (क.क्र. 4/4)
730 ## - ADDED ENTRY--UNIFORM TITLE
Uniform title MUSEUMS OF INDIA (क.क्र. 4/4)
942 ## - ADDED ENTRY ELEMENTS (KOHA)
Koha item type Book
Holdings
Withdrawn status Lost status Damaged status Not for loan Home library Current library Date acquired Cost, normal purchase price Total Checkouts Full call number Barcode Date last seen Cost, replacement price Price effective from Koha item type Public note
        S.V. Pathak Library, Vile Parle S.V. Pathak Library, Vile Parle 01/01/2002 695.00   60845 SVPPARLE-60845 01/25/2010 695.00 01/25/2010 Book ", , General, NA"